000 00686nam a2200277Ia 4500
005 20260320195731.0
008 008 262003s9999 xx 000 0 hin d
020 _a9788126705894
037 _aEBOOK
040 _aCRL
040 _bhin
040 _cCRL
041 _2hin
041 _ahin
084 _qCRL
100 _aसूर्यकांत त्रिपाठी 'निराला'
_91132881
245 0 _aभीष्म पितमह
250 _a3rd
260 _bRajkamal
260 _c1988
300 _a86
856 _uhttps://ebook.indiaread.in/pdfs/9788126705894.pdf
942 _cEBOOK
999 _c1716197
_d1716197